| 000 | 00875nam a22002297a 4500 | ||
|---|---|---|---|
| 999 |
_c65089 _d65089 |
||
| 005 | 20240530110806.0 | ||
| 008 | 190115s2019 ua a g 000 0 ara d | ||
| 017 |
_a2018/15778 _bمصر. دار الكتب |
||
| 020 | _a9789770532225 | ||
| 040 |
_aEG-CaGPL _cEG-CaGPL |
||
| 082 | 0 | 4 |
_221 _a306.872 \ _bع م |
| 100 | 0 | _aعزة عزت محمود رسلان | |
| 245 | 1 | 0 |
_aمقياس الخيانة الزوجية عبر الانترنت : _bكراسة التعليمات / _cاعداد عزة عزت محمود رسلان |
| 250 | _aط.1 | ||
| 260 |
_aالقاهرة : _bمكتبة الانجلو المصرية ، _c2019 . |
||
| 300 |
_a33 ص. : _bايض ؛ _c24 سم. |
||
| 650 | 0 | 7 |
_2qrmak _aالخيانة |
| 650 | 0 | 7 | _aالخيانة الزوجية |
| 650 | 0 | 7 | _aالخيانة الالكترونية |
| 942 |
_2ddc _cBK |
||